| 000 | 00365nam a22001457a 4500 | ||
|---|---|---|---|
| 008 | 210311b ||||| |||| 00| 0 eng d | ||
| 020 | _a9780815168126 | ||
| 041 | _aeng | ||
| 080 |
_24th _a615.83 |
||
| 082 | _a615.83 | ||
| 100 | _a8 | ||
| 101 | _aEGZ | ||
| 245 |
_aOccupational Therapy Practice Skills for Physical Dysfunction _cPedretti, L. W |
||
| 942 |
_2udc _cBK |
||
| 999 |
_c56424 _d56424 |
||